Návrh opatrení na znižovanie fluktuácie zamestnancov v podniku ZKW Slovakia s.r.o.
Gespeichert in:
| 1. Verfasser: | |
|---|---|
| Weitere Verfasser: | |
| Format: | Manuskript Buch |
| Sprache: | Slowakisch |
| Veröffentlicht: |
2016
|
| Schlagworte: | |
| Online-Zugang: | http://is.stuba.sk/zp/portal_zp.pl?podrobnosti=128974 |
| Tags: |
Keine Tags, Fügen Sie das erste Tag hinzu!
|
MARC
| LEADER | 00000ntm a22000003a 4500 | ||
|---|---|---|---|
| 001 | stuzp55789 | ||
| 003 | SK-STU | ||
| 005 | 20160719154823.3 | ||
| 007 | ta | ||
| 008 | 150427s2015----xo-----f-mn---000-0-slo-d | ||
| 040 | |a STU |b slo | ||
| 041 | 0 | |a slo | |
| 100 | 1 | |a Hajnovič, Šimon |u 064000 |4 aut |U MTF Materiálovotechnologická fakulta |T MTF Ústav priemyselného inžinierstva a manažmentu |X 65502 |U M4000 |Y 84 |7 65502 | |
| 242 | 0 | 1 | |a Proposed measures to reduce employee turnover in business ZKW Slovakia s. r. o. |y eng |
| 245 | 1 | 0 | |a Návrh opatrení na znižovanie fluktuácie zamestnancov v podniku ZKW Slovakia s.r.o. |
| 260 | |c 2016 | ||
| 650 | 4 | |a fluktuácia zamestnancov |2 slo | |
| 650 | 4 | |a odchody zamestnancov |2 slo | |
| 650 | 4 | |a personálny manažment |2 slo | |
| 650 | 4 | |a fluctuation employee's |2 eng | |
| 650 | 4 | |a departure of employees |2 eng | |
| 650 | 4 | |a human resource managment |2 eng | |
| 700 | 1 | |a Bednáriková, Mária |u 060100 |k Z1 |4 ths |U MTF Materiálovotechnologická fakulta |T MTF Pracovisko jazykov a humanitných vied |X 70675 |U M0100 |Y 472 |7 A000070675 | |
| 856 | 4 | |u http://is.stuba.sk/zp/portal_zp.pl?podrobnosti=128974 | |
| 996 | |c M* BP-7767 |l MMSKP |s P |a 0 |w stuzp55789_0001 | ||
| SQL | |a stuzp55789 |b DBP |c SLO |d Návrh opatrení na znižovanie fluktuácie zamestnancov v podniku ZKW Slovakia s.r.o. |e 65502 |f Hajnovič, Šimon |g 064000 |h 70675 |i Bednáriková, Mária |j 20160622 |k 173 |l 06 |m http://is.stuba.sk/zp/portal_zp.pl?podrobnosti=128974 |n B-PPP |o 5.2.52. priemyselné inžinierstvo | ||